[Event "Bucharest primaver (Women)"]
[Site "Bucharest"]
[Date "1997.??.??"]
[Round "10"]
[White "Berechet, Otiliu"]
[Black "Moshina, Cristina"]
[Result "1-0"]
[WhiteElo "2310"]
[BlackElo "2090"]
[PlyCount "51"]
[EventDate "1997.??.??"]
[EventType "tourn"]
[EventRounds "11"]
[EventCountry "ROU"]
[SourceTitle "EXT 2001"]
[Source "ChessBase"]
[SourceDate "2000.11.22"]
[SourceVersion "1"]
[SourceVersionDate "2000.11.22"]
[SourceQuality "1"]

1. c4 e6 2. e4 d5 3. exd5 exd5 4. d4 Nf6 5. Nc3 dxc4 6. Bxc4 Be7 7. h3 0-0 8. Be3 Nbd7 9. Bb3 Nb6 10. Nf3 Nfd5 11. 0-0 Nxe3 12. fxe3 c5 13. Ne5 Bf6 14. dxc5 Nd7 15. Ng4 Bxc3 16. bxc3 Qc7 17. Qd6 Qxc5 18. Rxf7 Rxf7 19. Bxf7+ Kh8 20. Rd1 h5 21. Qxc5 Nxc5 22. Rd8+ Kh7 23. Ne5 Na4 24. Bg8+ Kh6 25. Rd6+ Kg5 26. Nf3+ 1-0

[Event "Bucharest primaver (Women)"]
[Site "Bucharest"]
[Date "1997.??.??"]
[Round "7"]
[White "Iosif, Cristina S"]
[Black "Berechet, Otiliu"]
[Result "1-0"]
[WhiteElo "2195"]
[BlackElo "2310"]
[PlyCount "59"]
[EventDate "1997.??.??"]
[EventType "tourn"]
[EventRounds "11"]
[EventCountry "ROU"]
[SourceTitle "EXT 2001"]
[Source "ChessBase"]
[SourceDate "2000.11.22"]
[SourceVersion "1"]
[SourceVersionDate "2000.11.22"]
[SourceQuality "1"]

1. e4 c5 2. Nf3 g6 3. d4 Bg7 4. Be2 cxd4 5. Nxd4 Nc6 6. Nb3 a6 7. 0-0 b5 8. f4 Qb6+ 9. Kh1 h5 10. Nc3 e6 11. a4 b4 12. a5 Nxa5 13. Na4 Qc7 14. Nxa5 Qxa5 15. Be3 Qc7 16. Nb6 Rb8 17. Nxc8 Rxc8 18. Bxa6 Rb8 19. Bd4 f6 20. f5 e5 21. Be3 g5 22. Qd3 Bf8 23. Bc4 Ne7 24. Ra7 Rb7 25. Ra8+ Nc8 26. Rfa1 Rb8 27. Qd5 Kd8 28. Rxb8 Qxb8 29. Ra8 Qd6 30. Qa5+ 1-0

[Event "Bucharest primaver (Women)"]
[Site "Bucharest"]
[Date "1997.??.??"]
[Round "11"]
[White "Vajda, Szidonia"]
[Black "Berechet, Otiliu"]
[Result "1-0"]
[WhiteElo "2355"]
[BlackElo "2310"]
[PlyCount "58"]
[EventDate "1997.??.??"]
[EventType "tourn"]
[EventRounds "11"]
[EventCountry "ROU"]
[SourceTitle "EXT 2001"]
[Source "ChessBase"]
[SourceDate "2000.11.22"]
[SourceVersion "1"]
[SourceVersionDate "2000.11.22"]
[SourceQuality "1"]

1. e4 c5 2. c3 Qa5 3. Nf3 Nc6 4. Na3 d6 5. Nc4 Qc7 6. d4 Bg4 7. d5 Bxf3 8. Qxf3 Nb8 9. a4 a6 10. a5 Nd7 11. Be2 g6 12. Qd3 Ne5 13. Nxe5 dxe5 14. 0-0 Bh6 15. Bxh6 Nxh6 16. Qe3 Ng8 17. b4 cxb4 18. cxb4 Nf6 19. b5 0-0 20. bxa6 bxa6 21. Rfc1 Qd6 22. Rc6 Qb4 23. f3 Qb2 24. Rac1 Qa2 25. R6c5 Rfb8 26. Bc4 Qa4 27. Qc3 Qb4 28. Rc8+ Rxc8 29. Qxb4 Rc7 1-0